| 000 | 00660cam a22001935a 4500 | ||
|---|---|---|---|
| 001 | L159183 | ||
| 008 | 160223s2016 xxk f 000 0 eng d | ||
| 035 | _a(Sirsi) u159183 | ||
| 041 | _aeng | ||
| 100 | _aMann, Will | ||
| 245 | _aPRS hits home | ||
| 260 | _c2016 | ||
| 490 | 0 |
_aConstruction News _v7435, 04 March 2016, 22-26(5) |
|
| 520 | _aExamines the increased interest of major developers and global investors in the private rented sector (PRS) and looks at increase of applications to the government's PRS Guarantee Scheme. | ||
| 650 | _aPRIVATE RENTED SECTOR | ||
| 690 |
_aInvestments _96250 |
||
| 690 |
_aResidential property _96266 |
||
| 942 | _n0 | ||
| 999 |
_c84824 _d84824 |
||